RICS Futures (Record no. 115381)

MARC details
000 -LEADER
fixed length control field 01789cam a22002655a 4500
001 - CONTROL NUMBER
control field L158558
008 - FIXED-LENGTH DATA ELEMENTS--GENERAL INFORMATION
fixed length control field 140821s2015 xxk f 000 0 eng d
035 ## - SYSTEM CONTROL NUMBER
System control number (Sirsi) u158558
041 0# - LANGUAGE CODE
Language code of text/sound track or separate title eng
110 2# - MAIN ENTRY--CORPORATE NAME
Corporate name or jurisdiction name as entry element Royal Institution of Chartered Surveyors
9 (RLIN) 4900
240 ## - UNIFORM TITLE
Uniform title RICS Futures
245 00 - TITLE STATEMENT
Title RICS Futures
Remainder of title Our changing world
-- let's be ready
Medium [electronic resource]
260 ## - PUBLICATION, DISTRIBUTION, ETC.
Place of publication, distribution, etc. London,
Name of publisher, distributor, etc. RICS,
Date of publication, distribution, etc. 2015
490 #0 - SERIES STATEMENT
Series statement RICS Insight
490 #0 - SERIES STATEMENT
Series statement RICS Research
520 ## - SUMMARY, ETC.
Summary, etc. Focuses on the major touch points of change that the RICS believe will have a significant impact on the surveying and related buit and natural environment professions. The RICS Futures programme explores the implications of key drivers for change to 2030, from mass urbanisation and the emergence of real estate as an investment class, to the rise of the worldwide middle class and the revolutionary promise of big data. The report identifies six areas where action is required over the next few years to respond to these new social, economic and business environments. These six actions should guide the plans and strategic direction of organisations and professional bodies across the land and built environment sector. Winning the war for talent, having ethics at the heart of what we do, embracing technology and data, creating successful and sustainable cities, take advantage of new opportunities, and developing stronger leadership.
590 ## - LOCAL NOTE (RLIN)
Local note KA
650 24 - SUBJECT ADDED ENTRY--TOPICAL TERM
Topical term or geographic name entry element RICS Futures
651 #4 - SUBJECT ADDED ENTRY--GEOGRAPHIC NAME
Geographic name International
690 ## - LOCAL SUBJECT ADDED ENTRY--TOPICAL TERM (OCLC, RLIN)
Topical term or geographic name as entry element Planning and development
9 (RLIN) 6259
700 1# - ADDED ENTRY--PERSONAL NAME
Personal name Cook, Daniel
700 1# - ADDED ENTRY--PERSONAL NAME
Personal name Chatterjee, Pratichi
856 48 - ELECTRONIC LOCATION AND ACCESS
Uniform Resource Identifier <a href="https://www.rics.org/uk/products/knowledge-and-information-services/">https://www.rics.org/uk/products/knowledge-and-information-services/</a>
Public note Please contact [email protected] for this archived item in digital format
942 ## - ADDED ENTRY ELEMENTS (KOHA)
Suppress in OPAC 0
Source of classification or shelving scheme Dewey Decimal Classification
Holdings
Withdrawn status Lost status Source of classification or shelving scheme Damaged status Not for loan Home library Current library Shelving location Date acquired Total Checkouts Full call number Barcode Date last seen Copy number Price effective from Koha item type
    Dewey Decimal Classification     London London RICS Boxes 27/04/2015   RICS 2015/2 30078804 06/08/2019 1 06/08/2019 Book
    Dewey Decimal Classification     London London RICS Boxes 27/04/2015   RICS 2015/2 30078805 06/08/2019 2 06/08/2019 Book
    Dewey Decimal Classification     London London RICS Boxes 27/04/2015   RICS 2015/2 30078806 06/08/2019 3 06/08/2019 Archive
    Dewey Decimal Classification     Virtual Virtual Online 27/04/2015   ONLINE PUBLICATION 158558-2001 13/04/2023 4 06/08/2019 Book